[Event "Titled Tuesday intern op 23rd Apr Late"]
[Site "Chess.com INT"]
[Date "2024.04.23"]
[Round "4"]
[White "Mendes, Aaron Reeve"]
[Black "Baskakov, Egor"]
[Result "0-1"]
[WhiteElo "2288"]
[BlackElo "2215"]
[PlyCount "80"]
[EventDate "2024.04.23"]
[EventType "swiss (blitz)"]
[EventRounds "11"]
[EventCountry "USA"]
[SourceTitle "CB18_2024"]
[SourceDate "2024.05.01"]
[SourceVersion "1"]
[SourceVersionDate "2024.05.01"]
[SourceQuality "2"]

1. e4 c5 2. Nf3 Nf6 3. e5 Nd5 4. c4 Nc7 5. d4 cxd4 6. Qxd4 Nc6 7. Qe3 g6 8. Nc3 Bg7 9. h4 0-0 10. h5 d6 11. hxg6 hxg6 12. exd6 exd6 13. Be2 Re8 14. Qd2 Bg4 15. 0-0 Bxf3 16. Bxf3 Nd4 17. Bxb7 Rb8 18. Bd5 Nxd5 19. cxd5 Rc8 20. Qd3 Qd7 21. Be3 Nf5 22. Bf4 Qe7 23. g3 Nd4 24. Kg2 Qd7 25. Rfe1 Qg4 26. Bxd6 Nf5 27. Re4 Nh4+ 28. Kf1 Qh3+ 29. Ke2 Nf5 30. Bf4 Qg2 31. Qf3 Nd4+ 32. Kd3 Qxf3+ 33. Be3 Rxc3+ 34. bxc3 Qxe4+ 35. Kc4 Nc2+ 36. Kb3 Nxa1+ 37. Kb2 Qxd5 38. Kxa1 Bxc3+ 39. Kb1 Rxe3 40. fxe3 Qd1# 0-1

[Event "Titled Tuesday intern op 23rd Apr Late"]
[Site "Chess.com INT"]
[Date "2024.04.23"]
[Round "9"]
[White "Schut, Lisa"]
[Black "Mendes, Aaron Reeve"]
[Result "0-1"]
[WhiteElo "2259"]
[BlackElo "2288"]
[PlyCount "60"]
[EventDate "2024.04.23"]
[EventType "swiss (blitz)"]
[EventRounds "11"]
[EventCountry "USA"]
[SourceTitle "CB18_2024"]
[SourceDate "2024.05.01"]
[SourceVersion "1"]
[SourceVersionDate "2024.05.01"]
[SourceQuality "2"]

1. e4 c5 2. Nf3 d6 3. d4 cxd4 4. Nxd4 Nf6 5. Nc3 a6 6. h3 e5 7. Nde2 Be6 8. Bg5 Be7 9. g4 Nbd7 10. Bg2 h6 11. Bxf6 Nxf6 12. 0-0 b5 13. f4 Rc8 14. Nd5 Bxd5 15. exd5 Qb6+ 16. Kh2 Qc5 17. c3 h5 18. g5 Ng4+ 19. hxg4 hxg4+ 20. Kg3 Qe3+ 21. Kxg4 f5+ 22. Kxf5 Rh4 23. Rf3 g6+ 24. Kxg6 Qe4+ 25. f5 Qg4 26. f6 Kd7 27. Bh3 Rxh3 28. Rxh3 Rg8+ 29. Kf7 Qxg5 30. Qd3 Rf8# 0-1

[Event "Titled Tuesday intern op 23rd Apr Late"]
[Site "Chess.com INT"]
[Date "2024.04.23"]
[Round "3"]
[White "Skaric, Djuro"]
[Black "Mendes, Aaron Reeve"]
[Result "0-1"]
[WhiteElo "2297"]
[BlackElo "2288"]
[PlyCount "124"]
[EventDate "2024.04.23"]
[EventType "swiss (blitz)"]
[EventRounds "11"]
[EventCountry "USA"]
[SourceTitle "CB18_2024"]
[SourceDate "2024.05.01"]
[SourceVersion "1"]
[SourceVersionDate "2024.05.01"]
[SourceQuality "2"]

1. g3 d5 2. Bg2 e5 3. d3 Nf6 4. Nf3 Bd6 5. 0-0 0-0 6. h3 c6 7. Nc3 Nbd7 8. e4 d4 9. Ne2 b5 10. Ne1 c5 11. f4 Bb7 12. f5 c4 13. g4 Nc5 14. Ng3 Be7 15. g5 Nfd7 16. h4 f6 17. g6 Re8 18. Qh5 Nf8 19. Rf2 Bc8 20. Bf1 c3 21. b3 b4 22. Nf3 Bd7 23. Nh2 Qc8 24. Rg2 a5 25. gxh7+ Kh8 26. Ng4 Nxh7 27. Qf7 Rf8 28. Qxe7 Re8 29. Qf7 Rf8 30. Qe7 Re8 31. Qd6 Ra6 32. Qd5 Rf8 33. Nh5 Be8 34. Nxg7 Bf7 35. Ne6 Nxe6 36. fxe6 Bxe6 37. Qb5 Bxg4 38. Bh6 Rg8 39. Kh2 Ra8 40. a3 Qc7 41. axb4 Bd7 42. Qc5 Qd8 43. Rxa5 Rc8 44. Qd6 Rc6 45. Rxg8+ Kxg8 46. Ra8 Rxd6 47. Rxd8+ Kf7 48. Be2 Kg6 49. Bc1 f5 50. h5+ Kf6 51. exf5 Kxf5 52. Kg3 Nf6 53. Bf3 e4 54. dxe4+ Ke6 55. Bg5 Ke7 56. Bxf6+ Rxf6 57. Rg8 d3 58. cxd3 c2 59. Rg7+ Kd8 60. Rg8+ Kc7 61. Bd1 c1Q 62. Bf3 Qe3 0-1

[Event "Titled Tuesday intern op 16th Apr Late"]
[Site "Chess.com INT"]
[Date "2024.04.16"]
[Round "2"]
[White "Mendes, Aaron Reeve"]
[Black "Slade, Theodore"]
[Result "1-0"]
[WhiteElo "2288"]
[BlackElo "2112"]
[PlyCount "69"]
[EventDate "2024.04.16"]
[EventType "swiss (blitz)"]
[EventRounds "11"]
[EventCountry "USA"]
[SourceTitle "CB17_2024"]
[SourceDate "2024.04.24"]
[SourceVersion "1"]
[SourceVersionDate "2024.04.24"]
[SourceQuality "1"]

1. e4 e5 2. Nf3 Nc6 3. d4 exd4 4. Nxd4 Nf6 5. Nxc6 bxc6 6. e5 Qe7 7. Qe2 Nd5 8. c4 Ba6 9. b3 g6 10. Bb2 Bg7 11. g3 0-0 12. Bg2 Rae8 13. f4 f6 14. 0-0 fxe5 15. fxe5 Rxf1+ 16. Bxf1 Bxe5 17. Bxe5 Qxe5 18. Qxe5 Rxe5 19. Nd2 Nf6 20. Bd3 Re3 21. Bf1 d5 22. cxd5 Bxf1 23. Nxf1 Rc3 24. dxc6 Rxc6 25. Rd1 Kf7 26. Rd4 Ra6 27. a4 Rb6 28. Rc4 Nd5 29. Rc5 Ke6 30. Nd2 Kd6 31. Rc1 Rb8 32. Nc4+ Kd7 33. Ne5+ Ke6 34. Nc6 Rxb3 35. Nd4+ 1-0

[Event "Titled Tuesday intern op 12th Mar Late"]
[Site "Chess.com INT"]
[Date "2024.03.12"]
[Round "6"]
[White "Mendes, Aaron Reeve"]
[Black "Paravyan, David"]
[Result "1/2-1/2"]
[WhiteElo "2309"]
[BlackElo "2612"]
[PlyCount "62"]
[EventDate "2024.03.12"]
[EventType "swiss (blitz)"]
[EventRounds "11"]
[EventCountry "USA"]
[SourceTitle "CB12_2024"]
[SourceDate "2023.10.01"]
[SourceVersion "1"]
[SourceVersionDate "2023.10.01"]
[SourceQuality "1"]

1. e4 e5 2. Nf3 Nf6 3. Nxe5 d6 4. Nxf7 Kxf7 5. Bc4+ Be6 6. Bxe6+ Kxe6 7. 0-0 c5 8. Re1 Nc6 9. c3 Kf7 10. d4 Be7 11. Qb3+ Kf8 12. d5 Ne5 13. Qc2 c4 14. Nd2 b5 15. a4 a6 16. h3 Nfd7 17. b3 Nc5 18. Ba3 Ncd3 19. Re3 Bg5 20. Re2 Kg8 21. bxc4 Nf4 22. Ree1 bxc4 23. g3 Nxh3+ 24. Kg2 Nxf2 25. Kxf2 Qf6+ 26. Kg2 Bxd2 27. Qxd2 Qf3+ 28. Kh3 Qh5+ 29. Kg2 Qf3+ 30. Kh3 Qh5+ 31. Kg2 Qf3+ 1/2-1/2

[Event "Titled Tuesday intern op 27th Feb Late"]
[Site "Chess.com INT"]
[Date "2024.02.27"]
[Round "1"]
[White "Mendes, Aaron Reeve"]
[Black "Keller, Peter1"]
[Result "1-0"]
[WhiteElo "2309"]
[BlackElo "2328"]
[PlyCount "122"]
[EventDate "2024.02.27"]
[EventType "swiss (blitz)"]
[EventRounds "11"]
[EventCountry "USA"]
[SourceTitle "CB10_2024"]
[SourceDate "2024.03.06"]
[SourceVersion "1"]
[SourceVersionDate "2024.03.06"]
[SourceQuality "1"]

1. e4 e5 2. Nf3 Nc6 3. d4 exd4 4. Nxd4 Nf6 5. Nxc6 bxc6 6. Nd2 Bc5 7. Be2 0-0 8. e5 Nd5 9. Nb3 Bb6 10. c4 Ne7 11. c5 Nd5 12. cxb6 axb6 13. 0-0 Re8 14. f4 Bb7 15. Bf3 d6 16. Re1 dxe5 17. fxe5 Qh4 18. g3 Qe7 19. Qd4 Nb4 20. Qc3 Rxa2 21. Rxa2 Nxa2 22. Qc4 Nxc1 23. Nxc1 Rd8 24. Bxc6 Bxc6 25. Qxc6 g6 26. e6 Rd6 27. exf7+ Qxf7 28. Qe8+ Qxe8 29. Rxe8+ Kf7 30. Re1 Rd2 31. b3 c5 32. Ne2 Rb2 33. Rf1+ Ke7 34. Nc1 b5 35. Rf2 Rb1 36. Rc2 Kd6 37. Kf2 Kd5 38. Ke3 h5 39. Nd3 c4 40. bxc4+ bxc4 41. Nf4+ Kc5 42. Nxg6 Kb4 43. Ne5 c3 44. Kd3 Rd1+ 45. Ke2 Rh1 46. Nf3 Kb3 47. Kd3 Rd1+ 48. Nd2+ cxd2 49. Rxd2 Rh1 50. Ke4 Kc3 51. Rf2 Kc4 52. Kf4 Kd4 53. Kg5 Ke3 54. Ra2 Kf3 55. Kxh5 Ke4 56. g4 Kf4 57. g5 Rg1 58. g6 Kf5 59. Rf2+ Ke6 60. Kh6 Ke7 61. g7 Ke6 1-0

[Event "Titled Tuesday intern op 06th Feb Late"]
[Site "Chess.com INT"]
[Date "2024.02.06"]
[Round "9"]
[White "Mendes, Aaron Reeve"]
[Black "Kushko, Dmitriy"]
[Result "1-0"]
[WhiteElo "2309"]
[BlackElo "2445"]
[PlyCount "39"]
[EventDate "2024.02.06"]
[EventType "swiss (blitz)"]
[EventRounds "11"]
[EventCountry "USA"]
[SourceTitle "CB07_2024"]
[SourceDate "2024.02.14"]
[SourceVersion "1"]
[SourceVersionDate "2024.02.14"]
[SourceQuality "1"]

1. e4 g6 2. d4 Bg7 3. Nc3 d6 4. Nge2 a6 5. f3 b5 6. a3 Nd7 7. Be3 Bb7 8. Qd2 c5 9. h4 cxd4 10. Nxd4 Ngf6 11. 0-0-0 Rc8 12. g4 Ne5 13. h5 Rg8 14. Be2 Qa5 15. Kb1 Nfd7 16. hxg6 hxg6 17. Rh7 Nb6 18. Nb3 Nxf3 19. Nxa5 Nxd2+ 20. Rxd2 1-0

[Event "Titled Tuesday intern op 06th Feb Late"]
[Site "Chess.com INT"]
[Date "2024.02.06"]
[Round "4"]
[White "Serra Canals, Oriol"]
[Black "Mendes, Aaron Reeve"]
[Result "0-1"]
[WhiteElo "2155"]
[BlackElo "2309"]
[PlyCount "64"]
[EventDate "2024.02.06"]
[EventType "swiss (blitz)"]
[EventRounds "11"]
[EventCountry "USA"]
[SourceTitle "CB07_2024"]
[SourceDate "2024.02.14"]
[SourceVersion "1"]
[SourceVersionDate "2024.02.14"]
[SourceQuality "1"]

1. e4 c5 2. Nf3 d6 3. d4 cxd4 4. Qxd4 Nc6 5. Qe3 Nf6 6. h3 g6 7. Be2 Bg7 8. 0-0 0-0 9. Rd1 Qb6 10. Qf4 Nh5 11. Qe3 Qxe3 12. fxe3 Ng3 13. Bd3 Ne5 14. Nc3 h5 15. Kf2 Nxf3 16. Kxf3 h4 17. Nd5 e6 18. Nf4 Be5 19. Rb1 b6 20. Ne2 f5 21. Nxg3 fxe4+ 22. Kg4 exd3 23. cxd3 Bxg3 24. e4 e5+ 25. Kg5 Kh7 26. Be3 Be6 27. Rbc1 Rf7 28. Rc6 Rd8 29. d4 exd4 30. Rxd4 Be5 31. Rd3 Bf6+ 32. Kf4 Be7# 0-1

[Event "Titled Tuesday intern op 23rd Jan Late"]
[Site "Chess.com INT"]
[Date "2024.01.23"]
[Round "3"]
[White "Mendes, Aaron Reeve"]
[Black "Sarkar, Justin"]
[Result "1-0"]
[WhiteElo "2309"]
[BlackElo "2272"]
[PlyCount "63"]
[EventDate "2024.01.23"]
[EventType "swiss (blitz)"]
[EventRounds "11"]
[EventCountry "USA"]
[SourceTitle "CB05_2024"]
[SourceDate "2024.01.31"]
[SourceVersion "1"]
[SourceVersionDate "2024.01.31"]
[SourceQuality "1"]

1. e4 c5 2. Nf3 e6 3. b3 Nc6 4. Bb2 d5 5. exd5 exd5 6. Bb5 Nf6 7. 0-0 Be7 8. d4 0-0 9. Re1 Ne4 10. Nbd2 Bf5 11. Bd3 Nxd2 12. Qxd2 Bxd3 13. Qxd3 Bf6 14. Rad1 Qa5 15. Bc3 Nb4 16. Qd2 Qb5 17. dxc5 Bxc3 18. Qxc3 Nxa2 19. Qb2 Nb4 20. Nd4 Qxc5 21. Nf5 f6 22. Ne7+ Kh8 23. c3 Nc6 24. Rxd5 Qb6 25. Rd7 Rfe8 26. b4 Rad8 27. Qe2 Rxd7 28. Ng6+ hxg6 29. Qxe8+ Kh7 30. Qxd7 Ne5 31. Qh3+ Kg8 32. Qe3 1-0

[Event "North American-ch U20"]
[Site "Dulles"]
[Date "2023.12.21"]
[Round "5"]
[White "Mendes, Aaron Reeve"]
[Black "Hebbar, Eshaan"]
[Result "1-0"]
[WhiteElo "2328"]
[BlackElo "2006"]
[PlyCount "146"]
[EventDate "2023.12.19"]
[EventType "swiss"]
[EventRounds "9"]
[EventCountry "USA"]
[SourceTitle "CB52_2023"]
[SourceDate "2023.12.27"]
[SourceVersion "1"]
[SourceVersionDate "2023.12.27"]
[SourceQuality "1"]

1. e4 e5 2. Nf3 Nc6 3. Bc4 Bc5 4. c3 Nf6 5. d3 d6 6. 0-0 h6 7. Re1 0-0 8. h3 Bb6 9. Nbd2 Ne7 10. a4 a5 11. d4 exd4 12. cxd4 d5 13. e5 Ne4 14. Bd3 Nxd2 15. Bxd2 c5 16. Be3 c4 17. Bc2 Nf5 18. Bf4 Nh4 19. Nxh4 Qxh4 20. Be3 f6 21. Qf3 Be6 22. Bf5 Bxf5 23. Qxf5 Rae8 24. exf6 Qe4 25. Qd7 Rxf6 26. Bd2 Rd8 27. Qxd8+ Bxd8 28. Rxe4 dxe4 29. Rc1 Rc6 30. d5 Rc5 31. Be3 Rxd5 32. Rxc4 Bf6 33. b4 axb4 34. Rxb4 Rd7 35. Rxe4 Rd1+ 36. Kh2 Rb1 37. g3 Kf7 38. Kg2 b5 39. axb5 Rxb5 40. Ra4 Ke6 41. Ra6+ Kf7 42. Ra7+ Ke6 43. Kf3 Rf5+ 44. Ke2 Rb5 45. Ra6+ Kf5 46. g4+ Kg6 47. f4 Kf7 48. Kf3 Rb3 49. Ra7+ Ke6 50. f5+ Kd5 51. Ra5+ Kd6 52. Ra6+ Kd5 53. Re6 Bg5 54. Ke2 Rb2+ 55. Kd1 Bxe3 56. Rxe3 Rb6 57. Ke2 Rf6 58. Re7 g6 59. fxg6 Rxg6 60. Kf3 Kd6 61. Rh7 Ke5 62. Kg3 Ra6 63. Kh4 Kf4 64. Rf7+ Ke4 65. Kh5 Rb6 66. Rh7 Rb3 67. h4 Kf4 68. Rxh6 Rh3 69. Ra6 Rg3 70. Ra4+ Ke5 71. Kg6 Rh3 72. h5 Ke6 73. h6 Kd5 1-0

[Event "North American-ch U20"]
[Site "Dulles"]
[Date "2023.12.20"]
[Round "4"]
[White "Montes Orozco, Miguel Angel"]
[Black "Mendes, Aaron Reeve"]
[Result "1/2-1/2"]
[WhiteElo "2155"]
[BlackElo "2328"]
[PlyCount "53"]
[EventDate "2023.12.19"]
[EventType "swiss"]
[EventRounds "9"]
[EventCountry "USA"]
[SourceTitle "CB52_2023"]
[SourceDate "2023.12.27"]
[SourceVersion "1"]
[SourceVersionDate "2023.12.27"]
[SourceQuality "1"]

1. Nf3 d5 2. e3 Nf6 3. c4 c6 4. Nc3 Nbd7 5. Qc2 e6 6. b3 Bd6 7. Bb2 a6 8. d4 0-0 9. Be2 e5 10. cxd5 cxd5 11. dxe5 Nxe5 12. 0-0 Qc7 13. h3 Nxf3+ 14. Bxf3 Be6 15. Rac1 Rac8 16. Qb1 Qb8 17. Ne2 Be5 18. Qa1 Bxb2 19. Qxb2 Bf5 20. Nf4 Be4 21. Be2 Qd6 22. Rfd1 Qb6 23. Rd4 Rc6 24. Qd2 Rfc8 25. Rxc6 Rxc6 26. Bd1 g5 27. Nd3 1/2-1/2

[Event "Titled Tuesday intern op 26th Sep Late"]
[Site "Chess.com INT"]
[Date "2023.09.26"]
[Round "7"]
[White "Mendes, Aaron Reeve"]
[Black "Saveliev, Alexei"]
[Result "0-1"]
[WhiteElo "2250"]
[BlackElo "2366"]
[PlyCount "88"]
[EventDate "2023.09.26"]
[EventType "swiss (blitz)"]
[EventRounds "11"]
[EventCountry "USA"]
[SourceTitle "EXT 2024"]
[Source "ChessBase"]
[SourceDate "2023.10.10"]
[SourceVersion "1"]
[SourceVersionDate "2023.10.10"]
[SourceQuality "1"]

1. e4 g6 2. d4 Bg7 3. Be3 d6 4. Nc3 Nc6 5. f3 e5 6. d5 Nce7 7. Nge2 f5 8. Qd2 Nf6 9. 0-0-0 0-0 10. h4 b5 11. exf5 b4 12. Ne4 Nxf5 13. Bg5 Qe8 14. Bxf6 Bxf6 15. g4 Nd4 16. Nxd4 exd4 17. Nxf6+ Rxf6 18. Bg2 Qa4 19. Qxd4 Rf7 20. Kb1 Bd7 21. Rhe1 Raf8 22. Re4 a5 23. Rde1 Qb5 24. Re7 a4 25. h5 b3 26. hxg6 hxg6 27. cxb3 axb3 28. a3 Rxe7 29. Rxe7 Rf7 30. Rxf7 Kxf7 31. Qe4 Qc5 32. Bf1 Bb5 33. Qe6+ Kg7 34. Qe7+ Kg8 35. Qe6+ Kg7 36. Qe7+ Kg8 37. Qe6+ Kf8 38. Qf6+ Ke8 39. Qxg6+ Kd8 40. Qg8+ Be8 41. Qg5+ Kc8 42. Qf5+ Bd7 43. Qd3 Bb5 44. Qf5+ Kb7 0-1